[Event "The First Jerusalem Open"]
[Site "SchemingMind.com"]
[Date "2007.12.07"]
[Round "-"]
[White "egis"]
[Black "Vaidotas"]
[Result "1/2-1/2"]
[WhiteCountry "LTU"]
[BlackCountry "LTU"]
[WhiteElo "2023"]
[WhiteRD "80"]
[BlackElo "1851"]
[BlackRD "67"]
[GameID "131503"]

1. Nf3 d5 2. d4 Nf6 3. c4 c6 4. Qb3 dxc4 5. Qxc4 Bf5 6. Nc3 Nbd7 7. e3 Nb6 8. Qb3 e6 9. Be2 Qc7 10. O-O Bd6
11. a4 O-O 12. Ne5 Bxe5 13. dxe5 Nfd5 14. Nxd5 exd5 15. Qc3 Rfe8 16. a5 Nd7 17. f4 f6 18. exf6 Nxf6 19. b4 a6 20. Qc5 Ne4
21. Qd4 Qd7 22. Bh5 Re6 23. Bb2 Rh6 24. Bf3 Nd6 25. Bc3 Ne4 26. g3 Nf6 27. Rae1 Be4 28. Bxe4 Nxe4 29. Re2 Re8 30. Rg2 Nxc3
31. Qxc3 Re4 32. Rb2 Rhe6 33. Rf3 Qe7 34. Qc5 Rxe3 35. Rxe3 Rxe3 36. Kf2 Re4 37. Qxe7 Rxe7 38. Re2 Rxe2+ 39. Kxe2 Kf7 40. Ke3 Ke6
41. g4 g6 42. h3 Kd6 43. Kd4 Ke6 44. Ke3 Kf6 45. Kd3 Ke6 46. Ke3 Kd6 47. Kd4 Ke6 48. Ke3 h5 49. Ke2 hxg4 50. hxg4 Kd6
51. Kf3 Ke6 52. Ke2 Kd6 53. Kf3 Ke6 54. Ke2 Kf6 55. Kf3 Ke6 56. Ke2 Kf6 57. Kf3 Ke6 58. Ke2 Kf6 59. Kf3 Ke6 60. Ke2 Kd6
61. Kf3 Ke6 62. Ke2 Kd6 63. Kf3 Ke6 64. Ke2=
1/2-1/2

[Event "The First Jerusalem Open"]
[Site "SchemingMind.com"]
[Date "2007.12.04"]
[Round "-"]
[White "esteves101"]
[Black "Vaidotas"]
[Result "1-0"]
[WhiteCountry "PHI"]
[BlackCountry "LTU"]
[WhiteElo "2147"]
[WhiteRD "64"]
[BlackElo "1966"]
[BlackRD "62"]
[GameID "131504"]

1. e4 e5 2. Nf3 Nc6 3. Bb5 a6 4. Bxc6 dxc6 5. O-O Bg4 6. d3 Bd6 7. h3 Bh5 8. Nbd2 Nf6 9. Nc4 h6 10. d4 Bxf3
11. Qxf3 Qe7 12. Qg3 Nh5 13. Qb3 b6 14. Nxe5 Bxe5 15. Qc3 Qc5 16. Qxc5 bxc5 17. dxe5 g5 18. f4 gxf4 19. Bxf4 Nxf4 20. Rxf4 Rg8
21. Raf1 Rg7 22. Rf6 Ke7 23. Rxc6 Rb8 24. e6 Rxb2 25. exf7 Rb7 26. f8=Q+ Kd7 27. Rxc5
1-0

[Event "The First Jerusalem Open"]
[Site "SchemingMind.com"]
[Date "2007.12.04"]
[Round "-"]
[White "Chess_Man01"]
[Black "Vaidotas"]
[Result "1-0"]
[WhiteCountry "GBR"]
[BlackCountry "LTU"]
[WhiteElo "2289"]
[WhiteRD "59"]
[BlackElo "1960"]
[BlackRD "67"]
[GameID "131505"]

1. e4 e5 2. Nf3 Nc6 3. Bc4 Nf6 4. Ng5 d5 5. exd5 Nd4 6. d6 Qxd6 7. d3 Ne6 8. Nxe6 Bxe6 9. Nd2 Be7 10. O-O O-O-O
11. Qe2 Rhe8 12. Ne4 Nxe4 13. dxe4 Bxc4 14. Qxc4 Qc5 15. Qxf7 Qxc2 16. Qf5+ Kb8 17. Be3 Bf6 18. b4 Qc4 19. Rfc1 Qe6 20. Qxh7 Rh8
21. Qg6 Rd7 22. b5 b6 23. a4 Qf7 24. Qxf7 Rxf7 25. Rd1 Kc8 26. Ra3 Rd7 27. Rxd7 Kxd7 28. Rd3+ Ke6 29. Rc3 Rd8 30. Kf1 Rd7
31. Rc6+ Kf7 32. Ke2 Re7 33. g3 Ke8 34. h4 Kd7 35. h5 a6 36. h6 axb5 37. axb5 Re8 38. g4 Rg8 39. f4 exf4 40. Bxf4 Bd8
41. Rg6
1-0

[Event "The First Jerusalem Open"]
[Site "SchemingMind.com"]
[Date "2007.12.03"]
[Round "-"]
[White "Malatuso"]
[Black "reptile"]
[Result "0-1"]
[WhiteCountry "ITA"]
[BlackCountry "ISR"]
[WhiteElo "1618"]
[WhiteRD "58"]
[BlackElo "1873"]
[BlackRD "85"]
[GameID "131546"]

1. e4 Nf6 2. e5 Nd5 3. c4 Nb6 4. d4 d6 5. f4 dxe5 6. fxe5 Nc6 7. Be3 Bf5 8. Nc3 e6 9. Nf3 Be7 10. Be2 O-O
11. O-O f6
0-1

[Event "The First Jerusalem Open"]
[Site "SchemingMind.com"]
[Date "2007.12.04"]
[Round "-"]
[White "Malatuso"]
[Black "Vaidotas"]
[Result "0-1"]
[WhiteCountry "ITA"]
[BlackCountry "LTU"]
[WhiteElo "1618"]
[WhiteRD "58"]
[BlackElo "1929"]
[BlackRD "65"]
[GameID "131548"]

1. e4 e5 2. Nf3 Nc6 3. Bc4 Nf6 4. d3 Be7 5. O-O O-O 6. c3 d6 7. h3 Be6 8. Bxe6 fxe6 9. Qb3 Qc8 10. Be3 h6
11. Nbd2 Kh7
0-1

[Event "The First Jerusalem Open"]
[Site "SchemingMind.com"]
[Date "2007.12.03"]
[Round "-"]
[White "Malatuso"]
[Black "Chess_Man01"]
[Result "0-1"]
[WhiteCountry "ITA"]
[BlackCountry "GBR"]
[WhiteElo "1618"]
[WhiteRD "58"]
[BlackElo "2169"]
[BlackRD "73"]
[GameID "131550"]

1. e4 e6 2. d4 d5 3. Nc3 Bb4 4. e5 c5 5. a3 cxd4 6. axb4 dxc3 7. bxc3 Qc7 8. Nf3 Nd7 9. Qd4 Ne7 10. Bb5 O-O
0-1

[Event "The First Jerusalem Open"]
[Site "SchemingMind.com"]
[Date "2007.12.03"]
[Round "-"]
[White "Malatuso"]
[Black "SLAINTIE MHATH"]
[Result "0-1"]
[WhiteCountry "ITA"]
[BlackCountry "POL"]
[WhiteElo "1618"]
[WhiteRD "58"]
[BlackElo "1625"]
[BlackRD "54"]
[GameID "131551"]

1. e4 b6 2. d4 e6 3. Nf3 h6 4. Nc3 Bb4 5. Bd2 Bb7 6. Bd3 d6 7. a3 Bxc3 8. Bxc3 Nf6 9. Qe2 Nh5 10. Bd2 g5
11. O-O-O Qd7
0-1

[Event "The First Jerusalem Open"]
[Site "SchemingMind.com"]
[Date "2007.12.03"]
[Round "-"]
[White "reptile"]
[Black "Malatuso"]
[Result "1-0"]
[WhiteCountry "ISR"]
[BlackCountry "ITA"]
[WhiteElo "1873"]
[WhiteRD "85"]
[BlackElo "1618"]
[BlackRD "58"]
[GameID "131552"]

1. d4 Nf6 2. c4 g6 3. g3 Bg7 4. Nf3 O-O 5. Bg2 d6 6. Nc3 Nbd7 7. O-O e5 8. e4 exd4 9. Nxd4 Re8 10. h3 Nc5
11. Re1
1-0

[Event "The First Jerusalem Open"]
[Site "SchemingMind.com"]
[Date "2007.12.04"]
[Round "-"]
[White "Vaidotas"]
[Black "Malatuso"]
[Result "1-0"]
[WhiteCountry "LTU"]
[BlackCountry "ITA"]
[WhiteElo "1929"]
[WhiteRD "65"]
[BlackElo "1618"]
[BlackRD "58"]
[GameID "131554"]

1. e4 e5 2. Nf3 Nc6 3. Bc4 Bc5 4. b4 Bxb4 5. c3 Ba5 6. d4 exd4 7. O-O Nge7 8. cxd4 d5 9. exd5 Nxd5 10. Qb3 Nce7
11. Bg5 f6 12. Bc1 c6 13. Ba3
1-0

[Event "The First Jerusalem Open"]
[Site "SchemingMind.com"]
[Date "2007.12.03"]
[Round "-"]
[White "Chess_Man01"]
[Black "Malatuso"]
[Result "1-0"]
[WhiteCountry "GBR"]
[BlackCountry "ITA"]
[WhiteElo "2169"]
[WhiteRD "73"]
[BlackElo "1618"]
[BlackRD "58"]
[GameID "131556"]

1. e4 e5 2. Nf3 Nc6 3. Bc4 Bc5 4. c3 Nf6 5. d4 exd4 6. cxd4 Bb4+ 7. Nc3 d5 8. exd5 Nxd5 9. O-O Bxc3 10. bxc3 O-O
11. Qc2
1-0

[Event "The First Jerusalem Open"]
[Site "SchemingMind.com"]
[Date "2007.12.03"]
[Round "-"]
[White "SLAINTIE MHATH"]
[Black "Malatuso"]
[Result "1-0"]
[WhiteCountry "POL"]
[BlackCountry "ITA"]
[WhiteElo "1625"]
[WhiteRD "54"]
[BlackElo "1618"]
[BlackRD "58"]
[GameID "131557"]

1. d4 Nf6 2. c4 g6 3. Nc3 d5 4. c5 Bg7 5. Bf4 c6 6. Be5 Nbd7 7. Nf3 O-O 8. e3 Nxe5 9. Nxe5 Nd7 10. f4 Nxe5
11. fxe5 Bf5 12. Bd3
1-0

[Event "The First Jerusalem Open"]
[Site "SchemingMind.com"]
[Date "2007.12.03"]
[Round "-"]
[White "dadshane2000"]
[Black "reptile"]
[Result "1-0"]
[WhiteCountry "USA"]
[BlackCountry "ISR"]
[WhiteElo "1870"]
[WhiteRD "72"]
[BlackElo "1818"]
[BlackRD "85"]
[GameID "131593"]

1. e4 e5 2. Nf3 Nc6 3. Bb5 a6 4. Ba4 Nf6 5. O-O Nxe4 6. d4 b5 7. Bb3 d5 8. dxe5 Be6 9. Nbd2 Bc5 10. Qe2 Bf5
11. c3 O-O 12. Bc2 Nxd2 13. Qxd2 Bxc2 14. Qxc2 Re8 15. Re1 Qd7 16. Ng5 g6 17. Nf3 Bf8 18. Bf4 Nd8 19. Rad1 Ne6 20. Bg3 c5
21. Bh4 a5 22. Qd2 Nc7 23. e6 Rxe6 24. Rxe6 Qxe6 25. Re1 Qb6 26. Ne5 Bg7 27. Bg3 Rd8 28. Nxf7 Rd7 29. Bxc7 Qxc7 30. Ng5 Re7
31. Qxd5+
1-0

[Event "The First Jerusalem Open"]
[Site "SchemingMind.com"]
[Date "2007.12.08"]
[Round "-"]
[White "dadshane2000"]
[Black "egis"]
[Result "0-1"]
[WhiteCountry "USA"]
[BlackCountry "LTU"]
[WhiteElo "1870"]
[WhiteRD "72"]
[BlackElo "2036"]
[BlackRD "73"]
[GameID "131594"]

1. e4 c5 2. Nf3 e6 3. d4 cxd4 4. Nxd4 Nf6 5. Nd2 Nc6 6. Nxc6 bxc6 7. e5 Nd5 8. Ne4 Bb4+ 9. Bd2 O-O 10. a3 Ba5
11. b4 Bc7 12. Nd6 Qh4 13. g3 Qd4 14. Be2 Qxe5 15. Nxc8 Rfxc8 16. c4 Nc3 17. Bxc3 Qxc3+ 18. Kf1 d5 19. cxd5 cxd5 20. Kg2 a5
21. b5 Be5 22. Rc1 Qxa3 23. Rb1 Rab8 24. b6 Bb2
0-1

[Event "The First Jerusalem Open"]
[Site "SchemingMind.com"]
[Date "2007.12.04"]
[Round "-"]
[White "dadshane2000"]
[Black "Vaidotas"]
[Result "1-0"]
[WhiteCountry "USA"]
[BlackCountry "LTU"]
[WhiteElo "1885"]
[WhiteRD "70"]
[BlackElo "1929"]
[BlackRD "65"]
[GameID "131595"]

1. e4 e5 2. Nf3 Nc6 3. Bb5 a6 4. Ba4 Nf6 5. O-O b5 6. Bb3 Bc5 7. a4 b4 8. Nxe5 Nxe5 9. d4 Bxd4 10. Qxd4 Nc6
11. Qc5 Qe7 12. Qxe7+ Nxe7 13. e5 Ne4 14. Be3 d6 15. exd6 Nxd6 16. Bc5 a5 17. Re1 Kf8 18. Nd2 Bf5 19. Nc4 Ndc8 20. Rad1 Nd6
21. Nxd6 cxd6 22. Bxd6 Re8 23. Bxe7+
1-0

[Event "The First Jerusalem Open"]
[Site "SchemingMind.com"]
[Date "2007.12.03"]
[Round "-"]
[White "dadshane2000"]
[Black "esteves101"]
[Result "0-1"]
[WhiteCountry "USA"]
[BlackCountry "PHI"]
[WhiteElo "1870"]
[WhiteRD "72"]
[BlackElo "2013"]
[BlackRD "63"]
[GameID "131596"]

1. e4 e5 2. Nf3 Nf6 3. d4 Nxe4 4. Bd3 d5 5. Nxe5 Nd7 6. Nxd7 Bxd7 7. O-O Bd6 8. c4 c6 9. cxd5 cxd5 10. Nc3 Nxc3
11. bxc3 O-O 12. Qh5 g6 13. Qxd5 Qc7 14. c4 Bxh2+ 15. Kh1 Bc6 16. Qg5 Rad8 17. d5 Be5 18. Rb1 Ba4 19. f4 f6 20. Qh6 Bd4
21. Bd2 f5 22. Rbe1 Rfe8 23. Qh4 Qg7 24. Rxe8+ Rxe8 25. Re1 Bc5 26. Kh2= Qd4 27. Qg3 Rxe1 28. Bxe1 Qg1+
0-1

[Event "The First Jerusalem Open"]
[Site "SchemingMind.com"]
[Date "2007.12.03"]
[Round "-"]
[White "dadshane2000"]
[Black "Malatuso"]
[Result "1-0"]
[WhiteCountry "USA"]
[BlackCountry "ITA"]
[WhiteElo "1885"]
[WhiteRD "70"]
[BlackElo "1618"]
[BlackRD "58"]
[GameID "131597"]

1. e4 e5 2. Nf3 Nc6 3. Bb5 a6 4. Ba4 Nf6 5. O-O Be7 6. Re1 b5 7. Bb3 d6 8. c3 O-O 9. h3 Na5 10. Bc2 c5
11. d4 Nc6 12. d5 Na5 13. Nbd2 g6 14. b3 Nh5 15. Nf1 f5 16. exf5
1-0

[Event "The First Jerusalem Open"]
[Site "SchemingMind.com"]
[Date "2007.12.03"]
[Round "-"]
[White "dadshane2000"]
[Black "Chess_Man01"]
[Result "0-1"]
[WhiteCountry "USA"]
[BlackCountry "GBR"]
[WhiteElo "1878"]
[WhiteRD "79"]
[BlackElo "1935"]
[BlackRD "59"]
[GameID "131598"]

1. e4 e6 2. d4 d5 3. Nc3 Bb4 4. e5 c5 5. a3 cxd4 6. axb4 dxc3 7. Nf3 Qc7 8. Qd4 cxb2 9. Bxb2 Ne7 10. Bd3 Ng6
11. b5 Nd7 12. O-O b6 13. Rfe1 Nc5 14. Ba3 O-O 15. Qe3 Bd7 16. Rac1 Rfc8 17. Bxc5 Qxc5 18. Nd4 Qb4 19. Rb1 Qe7 20. f4 Qh4
21. Rf1 Rc3 22. f5 exf5 23. Nxf5 Bxf5 24. Rxf5 Re8 25. Re1 Re6 26. Qd2 Qd4+ 27. Kh1 Nxe5 28. Ref1 f6 29. R5f4 Qc5 30. Bf5 Re8
31. Rb1 g6 32. Bd3 Nxd3 33. cxd3 Rc2 34. Qd1 Ree2 35. Rg4 Qc8 36. Rg3 f5 37. Ra1 f4 38. Rf3 Rxg2 39. Rxf4 Rxh2+ 40. Kg1 Qc5+
41. Kf1 Rh1#
0-1

[Event "The First Jerusalem Open"]
[Site "SchemingMind.com"]
[Date "2007.12.03"]
[Round "-"]
[White "dadshane2000"]
[Black "SLAINTIE MHATH"]
[Result "0-1"]
[WhiteCountry "USA"]
[BlackCountry "POL"]
[WhiteElo "1847"]
[WhiteRD "73"]
[BlackElo "1591"]
[BlackRD "45"]
[GameID "131599"]

1. e4 b6 2. d4 e6 3. Nf3 h6 4. Bd3 Bb7 5. Nc3 Bb4 6. a3 Bxc3+ 7. bxc3 d5 8. e5 Ba6 9. Bxa6 Nxa6 10. Qd3 Nb8
11. a4 a6 12. Ba3 c6 13. O-O Nd7 14. Rfb1 a5 15. h3 Ne7 16. Bxe7 Qxe7 17. Nh2 O-O 18. Qg3 f5 19. f4 Rab8 20. Nf3 Rf7
21. Nh4 Nf8 22. Ng6 Nxg6 23. Qxg6 Kh8 24. Qg3 Kh7 25. Rf1 Qe8 26. c4 dxc4 27. Qc3 g5 28. Qxc4 Qd7 29. c3 Qd5 30. Qxd5 cxd5
31. g4 Rc8 32. Ra3 fxg4 33. fxg5 Rxf1+ 34. Kxf1 gxh3 35. gxh6 Kxh6 36. Kg1 Kh5 37. Kh2 Kh4 38. Rb3 Rc4 39. Ra3 Kg4 40. Rb3 Rxa4
41. Rxb6 Ra2+ 42. Kg1 Kg3 43. Rxe6 Ra1#
0-1

[Event "The First Jerusalem Open"]
[Site "SchemingMind.com"]
[Date "2007.12.03"]
[Round "-"]
[White "reptile"]
[Black "dadshane2000"]
[Result "1-0"]
[WhiteCountry "ISR"]
[BlackCountry "USA"]
[WhiteElo "1853"]
[WhiteRD "91"]
[BlackElo "1878"]
[BlackRD "79"]
[GameID "131600"]

1. e4 e5 2. Nf3 Nc6 3. Bb5 a6 4. Ba4 Nf6 5. O-O Be7 6. Re1 b5 7. Bb3 O-O 8. c3 d5 9. exd5 Nxd5 10. Nxe5 Nxe5
11. Rxe5 c6 12. d4 Bd6 13. Re1 Qh4 14. g3 Qh3 15. Re4 g5 16. Qf1 Qh5 17. f3 Bf5 18. Nd2 Bh3 19. Qf2 Nf6 20. Re2 Qg6
21. Ne4 Bc7 22. Nxg5 Bf5 23. Bc2 Bxc2 24. Rxc2 Rae8 25. Re2 h6 26. Nh3 Rxe2 27. Qxe2 Re8 28. Qf2 Nd5 29. Bd2 Qh5 30. Kg2 Qg6
31. Re1 Rf8 32. Re4 f5 33. Re2 f4 34. Qe1 Rf6 35. b3 Bb6 36. Re4 fxg3 37. hxg3 Qf7 38. Nf4 Nxf4+ 39. Bxf4 Kf8 40. Qe3 Qg6
41. c4 bxc4 42. bxc4 h5 43. Be5 Rf7 44. Bh8 Kg8 45. Re8+ Kh7 46. Qe4 Qxe4 47. fxe4 Rd7 48. c5 Ba5 49. Kh3 Bc3 50. Kh4 Bxd4
51. Bxd4 Rxd4 52. Kxh5 Ra4 53. Re6 Rxa2 54. Rxc6 a5 55. Ra6 Re2 56. Ra7+ Kg8 57. Kg6 Kf8 58. c6 Rxe4 59. c7 Rg4+ 60. Kf5 Rc4
61. Ra8+
1-0

[Event "The First Jerusalem Open"]
[Site "SchemingMind.com"]
[Date "2007.12.08"]
[Round "-"]
[White "egis"]
[Black "dadshane2000"]
[Result "1-0"]
[WhiteCountry "LTU"]
[BlackCountry "USA"]
[WhiteElo "2036"]
[WhiteRD "73"]
[BlackElo "1870"]
[BlackRD "72"]
[GameID "131601"]

1. e4 e5 2. Nf3 Nc6 3. Bb5 a6 4. Ba4 Nf6 5. O-O Be7 6. d3 d6 7. Nc3 O-O 8. Bxc6 bxc6 9. Be3 Ng4 10. Bd2 f5
11. exf5 Bxf5 12. Ne4 d5 13. Ng3 Bd7 14. h3 e4 15. dxe4 dxe4 16. Nxe4 Nf6 17. Qe2 Nd5 18. c4 Nf4 19. Bxf4 Rxf4 20. Qe3 Rf8
21. b3 c5 22. Nxc5
1-0

[Event "The First Jerusalem Open"]
[Site "SchemingMind.com"]
[Date "2007.12.04"]
[Round "-"]
[White "Vaidotas"]
[Black "dadshane2000"]
[Result "1-0"]
[WhiteCountry "LTU"]
[BlackCountry "USA"]
[WhiteElo "1966"]
[WhiteRD "62"]
[BlackElo "1866"]
[BlackRD "72"]
[GameID "131602"]

1. e4 e5 2. Nf3 Nc6 3. Bc4 Nf6 4. Ng5 d5 5. exd5 Na5 6. d3 h6 7. Nf3 e4 8. Qe2 Nxc4 9. dxc4 Bc5 10. c3 b5
11. b4 Be7 12. Nfd2 Bg4 13. f3 exf3 14. Nxf3 O-O 15. O-O Re8 16. Qd3 bxc4 17. Qxc4 Bxf3 18. Rxf3 Bd6 19. Bd2 Nxd5 20. Na3 Nf6
21. Rd1 Re4 22. Qc6 a5 23. Rxf6 axb4 24. Rxd6 cxd6 25. Qxe4 Rxa3 26. cxb4 Rxa2 27. Qd4 Qd7 28. Bc3 f6 29. Qc4+ Qf7 30. Qxf7+ Kxf7
31. Rxd6
1-0

[Event "The First Jerusalem Open"]
[Site "SchemingMind.com"]
[Date "2007.12.03"]
[Round "-"]
[White "esteves101"]
[Black "dadshane2000"]
[Result "1-0"]
[WhiteCountry "PHI"]
[BlackCountry "USA"]
[WhiteElo "2081"]
[WhiteRD "62"]
[BlackElo "1862"]
[BlackRD "82"]
[GameID "131603"]

1. e4 c5 2. Nc3 Nc6 3. Bc4 Nf6 4. Nf3 d6 5. O-O e6 6. d4 cxd4 7. Nxd4 Be7 8. Nxc6 bxc6 9. Be3 d5 10. exd5 cxd5
11. Bd3 O-O 12. Bd4 a5 13. Qe2 Bd7 14. a4 Qc7 15. Rfe1 Qf4 16. Rad1 Kh8 17. Nb5 Bxb5 18. Bxb5 Ng4 19. g3 Qg5 20. h3 Nh6
21. h4 Qg4 22. Qxg4 Nxg4 23. f3 Nf6 24. Rd2 Rab8 25. g4 Rb7 26. h5 Nd7 27. Kg2 Nc5 28. h6 f6 29. Bc6 Rb6 30. Rxe6 Nxe6
31. Bxb6 Nf4+ 32. Kg3 Bd6 33. hxg7+ Kxg7 34. Bxa5 Ng6+ 35. Kf2 Bc5+ 36. Kf1 d4 37. b4 Ba7 38. Re2 Bb8 39. Bb6 Be5 40. a5 Ne7
41. Bb7 Nc8 42. Bxc8 Rxc8 43. a6
1-0

[Event "The First Jerusalem Open"]
[Site "SchemingMind.com"]
[Date "2007.12.03"]
[Round "-"]
[White "Malatuso"]
[Black "dadshane2000"]
[Result "0-1"]
[WhiteCountry "ITA"]
[BlackCountry "USA"]
[WhiteElo "1618"]
[WhiteRD "58"]
[BlackElo "1885"]
[BlackRD "70"]
[GameID "131604"]

1. e4 e5 2. Nf3 Nc6 3. Bc4 Nf6 4. d3 Bc5 5. c3 d6 6. O-O O-O 7. Qe2 Bb6 8. Be3 h6 9. Bxb6 axb6 10. Nbd2 Na5
11. Bb3 Nxb3 12. axb3 Bd7
0-1

[Event "The First Jerusalem Open"]
[Site "SchemingMind.com"]
[Date "2007.12.03"]
[Round "-"]
[White "Chess_Man01"]
[Black "dadshane2000"]
[Result "1-0"]
[WhiteCountry "GBR"]
[BlackCountry "USA"]
[WhiteElo "2283"]
[WhiteRD "55"]
[BlackElo "1881"]
[BlackRD "81"]
[GameID "131605"]

1. Nf3 Nf6 2. c4 g6 3. Nc3 Bg7 4. d4 O-O 5. e4 d6 6. Be2 e5 7. d5 Nbd7 8. O-O Nc5 9. Qc2 a5 10. Bg5 h6
11. Be3 b6 12. h3 Nh7 13. Qd2 h5 14. Ng5 Bf6 15. Nxh7 Kxh7 16. Rae1 Bg7 17. Bd1 f5 18. Bg5 Bf6 19. Bxf6 Qxf6 20. f4 Bd7
21. exf5 Bxf5 22. fxe5 dxe5 23. g4 hxg4 24. hxg4 Qh4 25. Rf2 Kg7 26. Rh2 Qe7 27. Qh6+ Kf7 28. gxf5 gxf5 29. Bh5+
1-0

[Event "The First Jerusalem Open"]
[Site "SchemingMind.com"]
[Date "2007.12.03"]
[Round "-"]
[White "SLAINTIE MHATH"]
[Black "dadshane2000"]
[Result "1-0"]
[WhiteCountry "POL"]
[BlackCountry "USA"]
[WhiteElo "1625"]
[WhiteRD "54"]
[BlackElo "1885"]
[BlackRD "70"]
[GameID "131606"]

1. e4 e5 2. Bb5 c6 3. Ba4 Nf6 4. d3 Qa5+ 5. Nc3 Bb4 6. Bb3 O-O 7. Bd2 d5 8. f3 d4 9. Nce2 Bxd2+ 10. Qxd2 Qxd2+
11. Kxd2 Nbd7 12. h3 Nc5 13. Ng3 Nxb3+ 14. axb3 h6 15. N1e2 Nh7 16. c3 c5 17. Nf5 Bxf5 18. exf5 a6 19. h4 Nf6 20. g4 Nd7
21. g5 Kh7 22. Rag1 h5 23. g6+ Kh6 24. Rg5 f6 25. Rhg1 Rae8 26. f4 e4 27. Ng3
1-0